[Event "45th Olympiad 2024"]
[Site "Budapest HUN"]
[Date "2024.09.13"]
[Round "3.68"]
[Board "2"]
[White "Ouakhir, Mehdi Pierre"]
[Black "Salim Mohammed, Salim Al Amri"]
[Result "1/2-1/2"]
[WhiteTitle "FM"]
[BlackTitle "FM"]
[WhiteElo "2191"]
[BlackElo "1926"]
[WhiteTeam "Morocco"]
[BlackTeam "Oman"]
[WhiteFideId "9000437"]
[BlackFideId "22000089"]
[EventDate "2024.09.11"]

1. d4 Nf6 2. c4 e6 3. Nc3 Bb4 4. Qc2 O-O 5. e4 d5 6. e5 Ne4 7. Bd3 c5 8. cxd5
exd5 9. Ne2 cxd4 10. Nxd4 Nd7 11. f4 Qh4+ 12. g3 Qh3 13. Bf1 Qh5 14. Bg2 Ndc5
15. O-O Bxc3 16. bxc3 Bh3 17. Be3 f6 18. Bxh3 Qxh3 19. Nb3 b6 20. Nxc5 bxc5 21.
c4 fxe5 22. cxd5 Nxg3 23. Rf3 exf4 24. Bxf4 Qg4 25. Rxg3 Qxf4 26. Qxc5 Rae8 27.
d6 Re5 28. Qc3 Rg5 29. Rd1 Rxg3+ 30. Qxg3 Qxg3+ 31. hxg3 Rd8 32. Rc1 Rxd6 33.
Rc8+ Kf7 34. Rc7+ Kf6 35. Rxa7 Rd2 36. Ra5 g5 37. a4 Kg6 38. Rb5 Rd4 39. a5 Kh5
40. Rb7 Ra4 41. Rxh7+ Kg4 42. Rb7 Kxg3 43. Rb3+ Kh4 44. a6 Rxa6 45. Rb4+ g4 46.
Rb3 Ra2 47. Rc3 Rb2 48. Ra3 Rb8 49. Rc3 Rf8 50. Kg2 Rd8 51. Ra3 Rd1 52. Rb3 1/2-1/2

[Event "45th Olympiad 2024"]
[Site "Budapest HUN"]
[Date "2024.09.13"]
[Round "3.73"]
[Board "3"]
[White "Adeshole Beckley, Brian"]
[Black "Abugenda, Nagi"]
[Result "0-1"]
[WhiteElo "1814"]
[BlackElo "1975"]
[WhiteTeam "Sierra Leone"]
[BlackTeam "Libya"]
[WhiteFideId "17800013"]
[BlackFideId "9202544"]
[EventDate "2024.09.11"]

1. d4 Nf6 2. c4 e6 3. Nf3 Bb4+ 4. Bd2 Qe7 5. a3 Bxd2+ 6. Qxd2 b6 7. g3 Bb7 8.
Bg2 O-O 9. O-O d6 10. Nc3 Nbd7 11. Rfe1 c5 12. e3 Rfd8 13. d5 exd5 14. cxd5 a6
15. e4 b5 16. Qf4 Re8 17. Bh3 Ne5 18. Nxe5 Qxe5 19. Qxe5 Rxe5 20. f4 Re7 21. e5
Ne8 22. e6 Nf6 23. exf7+ Kxf7 24. Rxe7+ Kxe7 25. Re1+ Kf8 26. Bg2 Re8 27. Re6
Rxe6 28. dxe6 Bxg2 29. Kxg2 g6 30. Kf3 Ke7 31. g4 Kxe6 32. h4 d5 33. Ne2 h5 34.
g5 Ne4 35. b4 c4 36. Nd4+ Kf7 37. f5 gxf5 38. Nxf5 c3 39. Ke3 c2 0-1

[Event "45th Olympiad 2024"]
[Site "Budapest HUN"]
[Date "2024.09.13"]
[Round "3.76"]
[Board "1"]
[White "Misambo .J. KIlasa"]
[Black "Mompel Ferruz, Xavier"]
[Result "1/2-1/2"]
[BlackTitle "FM"]
[WhiteElo "1959"]
[BlackElo "2273"]
[WhiteTeam "Tanzania"]
[BlackTeam "Equatorial Guinea"]
[WhiteFideId "21601631"]
[BlackFideId "54585775"]
[EventDate "2024.09.11"]

1. d4 d5 2. c4 e6 3. Nc3 Nf6 4. Bg5 dxc4 5. e3 c5 6. dxc5 Nbd7 7. c6 bxc6 8.
Bxc4 Qa5 9. Bxf6 Nxf6 10. Ne2 Be7 11. O-O O-O 12. Qc2 c5 13. Rad1 Bb7 14. Rd2
Bc6 15. Rfd1 Qc7 16. b3 Ng4 17. Ng3 h5 18. Nf1 Ne5 19. Be2 g6 20. h3 Qb7 21. f4
Nd7 22. e4 Nb6 23. Ne3 Rad8 24. Bb5 Rc8 25. Bxc6 Qxc6 26. Nc4 Nxc4 27. bxc4 f5
28. Rd7 Rc7 29. Rxc7 Qxc7 30. e5 g5 31. Nb5 Qc6 32. Nxa7 Qb7 33. Nb5 gxf4 34.
Qe2 Qe4 35. Qxh5 Rf7 36. Nd6 Bxd6 37. Rxd6 Qe1+ 38. Kh2 Qg3+ 39. Kg1 Qe1+ 40.
Kh2 Qg3+ 41. Kg1 Qe1+ 1/2-1/2

[Event "45th Olympiad 2024"]
[Site "Budapest HUN"]
[Date "2024.09.13"]
[Round "3.77"]
[Board "1"]
[White "Morazo, John Ranel"]
[Black "Murphy, Jones"]
[Result "1-0"]
[WhiteElo "2200"]
[BlackElo "2021"]
[WhiteTeam "Palau"]
[BlackTeam "Dominica"]
[WhiteFideId "5203791"]
[BlackFideId "2057603"]
[EventDate "2024.09.11"]

1. d4 Nf6 2. Nc3 d5 3. Bg5 Nbd7 4. f3 c6 5. e4 dxe4 6. fxe4 Qa5 7. e5 Nxe5 8.
Bxf6 exf6 9. dxe5 fxe5 10. Bc4 Bb4 11. Qf3 O-O 12. Ne2 e4 13. Qf4 Kh8 14. O-O-O
b5 15. Bb3 f5 16. h4 Qb6 17. h5 h6 18. Qe5 Bc5 19. Kb1 Be3 20. Rd6 a5 21. Nd5
Qc5 22. Ne7 Kh7 23. Ng6 Rf6 24. Bg8+ 1-0

[Event "45th Olympiad 2024"]
[Site "Budapest HUN"]
[Date "2024.09.13"]
[Round "3.81"]
[Board "1"]
[White "De Mey, Juan Pablo"]
[Black "Kudakwashe Chinake"]
[Result "1/2-1/2"]
[WhiteTitle "FM"]
[WhiteElo "1992"]
[BlackElo "1859"]
[WhiteTeam "Aruba"]
[BlackTeam "Cayman Islands"]
[WhiteFideId "15900312"]
[BlackFideId "33100179"]
[EventDate "2024.09.11"]

1. e4 c6 2. d4 d5 3. e5 c5 4. dxc5 Nc6 5. a3 a5 6. Bb5 e6 7. Be3 Ne7 8. c3 Bd7
9. Bxc6 Bxc6 10. Bd4 a4 11. Ne2 Nf5 12. O-O Be7 13. Ng3 Nxd4 14. cxd4 b6 15. Qg4
g6 16. cxb6 h5 17. Qe2 h4 18. Rc1 Qxb6 19. Nf1 O-O 20. Qd2 Rab8 21. g3 Rfc8 22.
Rc2 Kg7 23. Ne3 hxg3 24. hxg3 Rh8 25. Nc3 Rh5 26. Ng4 Rbh8 27. Rac1 Qb3 28. Kg2
Bg5 29. f4 Bd8 30. Nd1 Bb5 31. Ndf2 Bc4 32. Qe3 Qb5 33. Qf3 Bb6 34. Qe3 Ba5 35.
Qf3 Rb8 36. Nf6 Rhh8 37. f5 exf5 38. g4 Rh4 39. gxf5 Rbh8 40. N6g4 gxf5 41. Qxf5
Bd8 42. e6 Qb7 43. exf7 Qe7 44. Rxc4 dxc4 45. Rxc4 Qb7+ 46. d5 Qxb2 47. Rc6 Kf8
48. Re6 Be7 49. Rc6 Qe2 50. Rc8+ Kg7 51. Rxh8 Rxg4+ 52. Qxg4+ Qxg4+ 53. Nxg4
Kxh8 54. Kf3 Bxa3 55. Ke2 Bb4 56. Kd1 Kg7 57. Ne5 Bc3 58. Nc4 Kxf7 59. Kc2 Bb4
60. Nb6 a3 61. Kb3 Bc5 62. Nc4 Ke7 63. Ka2 Bb4 64. Kb3 Bc5 65. Nxa3 Bxa3 66.
Kxa3 Kd6 67. Kb3 Kxd5 1/2-1/2

[Event "45th Olympiad 2024"]
[Site "Budapest HUN"]
[Date "2024.09.13"]
[Round "3.83"]
[Board "3"]
[White "Lilay Weldu Gebru"]
[Black "Wong, Kai Meng"]
[Result "1-0"]
[WhiteElo "1977"]
[BlackElo "1795"]
[WhiteTeam "Eritrea"]
[BlackTeam "Macau, China"]
[WhiteFideId "15701352"]
[BlackFideId "15400263"]
[EventDate "2024.09.11"]

1. e4 e6 2. d4 d5 3. Nd2 c5 4. dxc5 Bxc5 5. Nb3 Bb6 6. exd5 exd5 7. Bd3 Ne7 8.
Bg5 h6 9. Bf4 Bc7 10. Qf3 O-O 11. Ne2 Nbc6 12. O-O Nb4 13. Rfd1 Nxd3 14. Rxd3
Bf5 15. Rd2 Rc8 16. c3 Be4 17. Qe3 Bxf4 18. Qxf4 Qc7 19. Qg4 Bf5 20. Qd4 b6 21.
Ng3 Be6 22. Re1 Rfd8 23. Qa4 Qd7 24. Qxd7 Rxd7 25. Nd4 Rd6 26. Rde2 Rcd8 27.
Nxe6 fxe6 28. Rxe6 Rxe6 29. Rxe6 Kf7 30. Re3 Nc6 31. Rd3 Ne5 32. Rd1 g6 33. Kf1
b5 34. Ne2 g5 35. Nd4 a6 36. Re1 Nd3 37. Re2 Nf4 38. Re3 Rd6 39. g3 Nh5 40. a3
Ng7 41. Re5 Kf6 42. f4 Kg6 43. Kg2 gxf4 44. gxf4 Nh5 45. Kf3 Nf6 46. h4 Ne4 47.
h5+ Kf6 48. Nf5 Rd8 49. Nxh6 Nd2+ 50. Kf2 Nc4 51. Ng4+ Kf7 52. Re2 d4 53. cxd4
Rxd4 54. Kf3 Nd2+ 55. Ke3 Nb3 56. Rc2 Rd6 57. f5 Nd4 58. Rc7+ Kf8 59. Ke4 Ne2
60. h6 Ng3+ 61. Ke5 Rd2 62. h7 Re2+ 63. Kf4 1-0

[Event "45th Olympiad 2024"]
[Site "Budapest HUN"]
[Date "2024.09.13"]
[Round "3.84"]
[Board "2"]
[White "Mohamed, Hassan MDV"]
[Black "Mimbasa Kutesa, Willy"]
[Result "1-0"]
[WhiteTitle "CM"]
[BlackTitle "FM"]
[WhiteElo "1880"]
[BlackElo "1848"]
[WhiteTeam "Maldives"]
[BlackTeam "Democratic Republic of the Congo"]
[WhiteFideId "16700058"]
[BlackFideId "21400113"]
[EventDate "2024.09.11"]

1. e4 e5 2. Nf3 Nc6 3. Bb5 Nf6 4. d3 Bc5 5. c3 d6 6. Nbd2 Bd7 7. Ba4 h6 8. b4
Bb6 9. Nc4 Ne7 10. Bc2 Bg4 11. a4 a5 12. Nxb6 cxb6 13. h3 Bh5 14. b5 O-O 15. c4
Ng6 16. g3 Ne7 17. Be3 Nd7 18. g4 Bg6 19. h4 h5 20. Ng5 Nc5 21. gxh5 Bh7 22. h6
g6 23. h5 Qd7 24. Rg1 f6 25. Nxh7 Kxh7 26. hxg6+ Nxg6 27. Qh5 Rg8 28. Kd2 Ne6
29. Qf5 Qe7 30. Rg4 Ng5 31. Rag1 Raf8 32. Ke2 Kh8 33. Bxb6 Nf4+ 34. Kd1 Qf7 35.
Be3 Qh5 36. Bxf4 exf4 37. h7 Rg7 38. f3 Rff7 39. Kc1 Rxh7 40. Qxf4 Qh6 41. Kb1
Rfg7 42. Qxd6 Qh2 43. Qf8+ Rg8 44. Qxf6+ Rhg7 45. Rxg5 Qh4 46. f4 b6 47. e5 Qh2
48. Rxg7 Rf8 49. Rf7# 1-0

[Event "45th Olympiad 2024"]
[Site "Budapest HUN"]
[Date "2024.09.13"]
[Round "3.86"]
[Board "1"]
[White "Koumba, Mounguen Jose Evrard"]
[Black "Mahamat Hachim Bachar"]
[Result "1/2-1/2"]
[WhiteElo "1957"]
[BlackElo "1872"]
[WhiteTeam "Gabon"]
[BlackTeam "Chad"]
[WhiteFideId "645010"]
[BlackFideId "42800030"]
[EventDate "2024.09.11"]

1. e4 e6 2. d4 d5 3. Nc3 Bb4 4. e5 c5 5. a3 Bxc3+ 6. bxc3 c4 7. a4 Ne7 8. Ne2
O-O 9. Ng3 f5 10. Be2 g6 11. Bf4 Qa5 12. Qd2 Bd7 13. h4 h5 14. Bh6 Rf7 15. O-O
Kh7 16. Nxh5 Ng8 17. Nf6+ Rxf6 18. exf6 Nxh6 19. h5 Qd8 20. Qg5 Qg8 21. f3 gxh5
22. Qxh5 Qg6 23. Qh4 Nc6 24. Kf2 Rf8 25. Rh1 Qxf6 26. Qf4 e5 27. dxe5 Nxe5 28.
Rh2 Qb6+ 29. Kf1 Nf7 30. g4 fxg4 31. fxg4 Qd6 32. Qxd6 Nxd6+ 33. Ke1 Kg6 34. Rh5
Re8 35. Rxd5 Nhf7 36. Kf2 Bc6 37. Rd4 Ne4+ 38. Kg1 Ne5 39. Rf1 Ng3 40. Rd6+ Kg5
41. Rf2 Rh8 42. Rxc6 Rh1+ 43. Kg2 Nxc6 44. Kxg3 Rg1+ 45. Kh2 Ra1 46. Rf5+ Kg6
47. Bxc4 Rxa4 48. Rc5 Ra3 49. g5 a5 50. Bd3+ Kg7 51. Rd5 Rxc3 52. Rd7+ Kf8 53.
g6 Ne5 54. Rxb7 Nxd3 55. cxd3 Rxd3 56. Ra7 Ra3 57. g7+ Kg8 58. Kg2 a4 59. Kf2
Ra1 60. Kf3 a3 61. Kg2 Ra2+ 62. Kg3 Kh7 63. Kh3 Ra1 64. Kg2 Kg8 65. Kh2 Ra2+ 66.
Kg3 Kh7 67. Kh3 Ra1 68. Kg2 a2 69. Kh2 Kg8 1/2-1/2

[Event "45th Olympiad 2024"]
[Site "Budapest HUN"]
[Date "2024.09.13"]
[Round "3.89"]
[Board "4"]
[White "Lompo, Boammani Aser"]
[Black "Alabdaljader, Mohammed"]
[Result "0-1"]
[WhiteElo "1567"]
[BlackElo "1677"]
[WhiteTeam "Burkina Faso"]
[BlackTeam "Kuwait"]
[WhiteFideId "22028390"]
[BlackFideId "10304290"]
[EventDate "2024.09.11"]

1. d4 Nf6 2. Bf4 e6 3. e3 c5 4. c3 Nc6 5. Nd2 d5 6. Ngf3 Bd6 7. Bg3 O-O 8. Bd3
b6 9. Ne5 Ne7 10. h4 Nf5 11. Bf4 Bc7 12. g4 Nd6 13. h5 Nfe4 14. Qc2 f5 15. gxf5
exf5 16. f3 c4 17. Bxc4 dxc4 18. fxe4 fxe4 19. Nxe4 Bf5 0-1

[Event "45th Olympiad 2024"]
[Site "Budapest HUN"]
[Date "2024.09.14"]
[Round "4.1"]
[Board "1"]
[White "Caruana, Fabiano"]
[Black "Volokitin, Andrei"]
[Result "1-0"]
[WhiteTitle "GM"]
[BlackTitle "GM"]
[WhiteElo "2798"]
[BlackElo "2660"]
[WhiteTeam "United States of America"]
[BlackTeam "Ukraine"]
[WhiteFideId "2020009"]
[BlackFideId "14107090"]
[EventDate "2024.09.11"]

1. e4 c5 2. Nf3 d6 3. d4 cxd4 4. Nxd4 Nf6 5. Nc3 a6 6. Bd3 g6 7. f3 Qb6 8. Nb3
Nbd7 9. Qe2 Bg7 10. Be3 Qc7 11. g4 b5 12. g5 Nh5 13. Nd5 Qd8 14. O-O-O Bb7 15.
Qe1 e6 16. Nf4 Nxf4 17. Bxf4 Ne5 18. Be2 Rc8 19. Qb4 d5 20. c3 Qe7 21. Qxe7+
Kxe7 22. exd5 Bxd5 23. Be3 Bxf3 24. Bxf3 Nxf3 25. Nc5 Rhd8 26. Nxa6 Rxd1+ 27.
Rxd1 Nxh2 28. Bc5+ Ke8 29. Bd6 Nf3 30. Nc7+ Rxc7 31. Bxc7 Nxg5 32. Rd8+ Ke7 33.
Rb8 Ne4 34. Rxb5 Kd7 35. Bh2 Kc6 36. Rb8 f5 37. a4 e5 38. a5 Nc5 39. b4 Nd7 40.
b5+ Kc7 41. Re8 f4 42. a6 f3 43. Bg1 1-0

[Event "45th Olympiad 2024"]
[Site "Budapest HUN"]
[Date "2024.09.14"]
[Round "4.1"]
[Board "2"]
[White "Ivanchuk, Vasyl"]
[Black "So, Wesley"]
[Result "1-0"]
[WhiteTitle "GM"]
[BlackTitle "GM"]
[WhiteElo "2635"]
[BlackElo "2752"]
[WhiteTeam "Ukraine"]
[BlackTeam "United States of America"]
[WhiteFideId "14100010"]
[BlackFideId "5202213"]
[EventDate "2024.09.11"]

1. d4 Nf6 2. c4 e6 3. Nc3 Bb4 4. Qc2 O-O 5. a3 Bxc3+ 6. Qxc3 d5 7. Nf3 dxc4 8.
Qxc4 b6 9. Bg5 Ba6 10. Qa4 Qd7 11. Qc2 c5 12. dxc5 Rc8 13. Rd1 Qe7 14. Qa4 bxc5
15. h4 c4 16. Rh3 h6 17. Qc2 Nbd7 18. Nd4 Bb7 19. Bd2 a5 20. f3 Qc5 21. Be3 c3
22. Qxc3 Qxc3+ 23. bxc3 Rxc3 24. Bc1 Ba6 25. e4 Bxf1 26. Kxf1 Rac8 27. Bb2 R3c5
28. g4 Nb6 29. Rh2 Nc4 30. Ke1 Nxb2 31. Rxb2 Rc3 32. a4 Ra3 33. Rb6 Rd8 34. Rb5
g6 35. Nb3 Rc8 36. Ke2 Rc4 37. Rd8+ Kg7 38. g5 Nxe4 39. gxh6+ Kxh6 40. fxe4
Rxe4+ 41. Kf2 Rexa4 42. Nd4 Ra2+ 43. Kg3 R4a3+ 44. Nf3 Re2 45. Rb7 Re5 46. Rxf7
g5 47. h5 Kxh5 48. Rf6 1-0

[Event "45th Olympiad 2024"]
[Site "Budapest HUN"]
[Date "2024.09.14"]
[Round "4.1"]
[Board "3"]
[White "Dominguez Perez, Leinier"]
[Black "Ponomariov, Ruslan"]
[Result "1/2-1/2"]
[WhiteTitle "GM"]
[BlackTitle "GM"]
[WhiteElo "2748"]
[BlackElo "2654"]
[WhiteTeam "United States of America"]
[BlackTeam "Ukraine"]
[WhiteFideId "3503240"]
[BlackFideId "14103320"]
[EventDate "2024.09.11"]

1. e4 e5 2. Nf3 Nc6 3. Bc4 Bc5 4. c3 Nf6 5. d3 d6 6. O-O a5 7. Re1 Ba7 8. h3 O-O
9. Bb5 Bd7 10. Ba4 Ne7 11. Bc2 Ng6 12. d4 Re8 13. Nbd2 Bc6 14. a4 h6 15. Bd3 Nf4
16. Bf1 g5 17. g3 Ng6 18. Qc2 d5 19. exd5 Bxd5 20. Nxe5 Nxe5 21. dxe5 Nd7 22.
Qf5 Be6 23. Qf3 c6 24. Qh5 Kg7 25. Nf3 f6 26. Be3 Bf7 27. Qg4 Be6 28. Qh5 Bf7
29. Qg4 Be6 30. Qh5 Bf7 1/2-1/2

[Event "45th Olympiad 2024"]
[Site "Budapest HUN"]
[Date "2024.09.14"]
[Round "4.1"]
[Board "4"]
[White "Korobov, Anton"]
[Black "Robson, Ray"]
[Result "1-0"]
[WhiteTitle "GM"]
[BlackTitle "GM"]
[WhiteElo "2650"]
[BlackElo "2700"]
[WhiteTeam "Ukraine"]
[BlackTeam "United States of America"]
[WhiteFideId "14105730"]
[BlackFideId "2023970"]
[EventDate "2024.09.11"]

1. e4 e5 2. Nf3 Nc6 3. Bc4 Nf6 4. d3 Bc5 5. O-O d6 6. c3 h6 7. b4 Bb6 8. a4 a5
9. b5 Ne7 10. Be3 Bxe3 11. fxe3 Ng6 12. Bb3 c6 13. c4 d5 14. exd5 cxd5 15. c5
Qe7 16. d4 Ng4 17. Nc3 Be6 18. Qe1 e4 19. Nd2 Qc7 20. Qg3 Qxg3 21. hxg3 Ne7 22.
Rae1 h5 23. Bd1 Nf6 24. b6 Nf5 25. Kf2 Bd7 26. Rh1 Rh6 27. Rh2 Bc6 28. Reh1 Ke7
29. Bxh5 Rxh5 30. Rxh5 Ng4+ 31. Ke1 Ngxe3 32. Nb3 Kf6 33. Rh8 Nc2+ 34. Kd2 Ncxd4
35. Rxa8 Nxb3+ 36. Kc2 Nxc5 37. Rf1 Ke5 38. Rxf5+ Kxf5 39. Rxa5 Nd3 40. Nxd5 Kg4
41. Kd2 g6 42. Ke3 f5 43. Ne7 Bd7 44. Nxg6 Kxg3 45. Ne7 Kg4 46. Ra8 Be6 47. a5
Nc5 48. Ng6 Kg5 49. Nf4 Bd7 50. Rd8 Bc6 51. Rd6 Be8 52. Ne6+ Nxe6 53. Rxe6 Bb5
54. g3 Ba6 55. Re8 Kg4 56. Rg8+ Kh3 57. Rg5 1-0

[Event "45th Olympiad 2024"]
[Site "Budapest HUN"]
[Date "2024.09.14"]
[Round "4.2"]
[Board "1"]
[White "Rapport, Richard"]
[Black "Vocaturo, Daniele"]
[Result "1-0"]
[WhiteTitle "GM"]
[BlackTitle "GM"]
[WhiteElo "2715"]
[BlackElo "2600"]
[WhiteTeam "Hungary"]
[BlackTeam "Italy"]
[WhiteFideId "738590"]
[BlackFideId "813192"]
[EventDate "2024.09.11"]

1. e4 e5 2. Nf3 Nc6 3. Bc4 Bc5 4. h3 Nf6 5. d3 a6 6. c3 Ba7 7. Bb3 d6 8. Nbd2
Qe7 9. a4 Be6 10. O-O h6 11. Bxe6 Qxe6 12. Re1 O-O 13. Nf1 d5 14. exd5 Qxd5 15.
Be3 Rfd8 16. Bxa7 Rxa7 17. Ne3 Qxd3 18. Qb3 Re8 19. Rad1 Qg6 20. Nh4 Qh7 21. Ng4
Nxg4 22. hxg4 g6 23. Rd7 Qg7 24. Nf3 Qf6 25. Rxc7 Re7 26. Qb6 Rxc7 27. Qxc7 b5
28. Qb6 bxa4 29. Rxe5 Rd7 30. Re8+ Kg7 31. Qxa6 Rd1+ 32. Re1 Rxe1+ 33. Nxe1 Qe6
34. Kf1 Qd5 35. Qxa4 Ne5 36. Qd4 Qxd4 37. cxd4 Nxg4 38. Ke2 Kf8 39. Nd3 Ke7 40.
Ne5 Nf6 41. Kd3 Ke6 42. b4 Nd5 43. Kc4 g5 44. Nxf7 Nb6+ 45. Kb5 Nc8 46. Nxh6 Kd5
47. Nf5 g4 48. f3 gxf3 49. gxf3 Na7+ 50. Ka6 1-0

[Event "45th Olympiad 2024"]
[Site "Budapest HUN"]
[Date "2024.09.14"]
[Round "4.2"]
[Board "3"]
[White "Sjugirov, Sanan"]
[Black "Sonis, Francesco"]
[Result "1-0"]
[WhiteTitle "GM"]
[BlackTitle "GM"]
[WhiteElo "2644"]
[BlackElo "2554"]
[WhiteTeam "Hungary"]
[BlackTeam "Italy"]
[WhiteFideId "4189302"]
[BlackFideId "895733"]
[EventDate "2024.09.11"]

1. e4 c5 2. Nf3 d6 3. d4 cxd4 4. Nxd4 Nf6 5. Nc3 a6 6. Bd3 g6 7. f3 Nc6 8. Be3
Bg7 9. Qd2 O-O 10. O-O-O Bd7 11. Kb1 b5 12. Nxc6 Bxc6 13. Bh6 b4 14. Ne2 Qa5 15.
h4 Bxh6 16. Qxh6 Kh8 17. g4 Qc5 18. Ng3 Bb5 19. Qd2 Nd7 20. h5 Ne5 21. Qh6 1-0

[Event "45th Olympiad 2024"]
[Site "Budapest HUN"]
[Date "2024.09.14"]
[Round "4.3"]
[Board "1"]
[White "Predke, Alexandr"]
[Black "Gukesh, D"]
[Result "0-1"]
[WhiteTitle "GM"]
[BlackTitle "GM"]
[WhiteElo "2671"]
[BlackElo "2764"]
[WhiteTeam "Serbia"]
[BlackTeam "India"]
[WhiteFideId "24107581"]
[BlackFideId "46616543"]
[EventDate "2024.09.11"]

1. e4 c6 2. d4 d5 3. exd5 cxd5 4. Bd3 Nc6 5. c3 Qc7 6. h3 Nf6 7. Nf3 g6 8. Na3
a6 9. Nc2 Bf5 10. Bxf5 gxf5 11. O-O e6 12. Nce1 Bd6 13. Nd3 Ne4 14. Bh6 Rg8 15.
Qc1 O-O-O 16. Bf4 f6 17. Bxd6 Rxd6 18. Qf4 Ne7 19. Rac1 Ng6 20. Qh2 Rc6 21.
Qxc7+ Kxc7 22. Rfe1 Kd6 23. Kf1 a5 24. g4 fxg4 25. hxg4 a4 26. a3 Ne7 27. g5
fxg5 28. Nfe5 Rcc8 29. f3 Nd2+ 30. Kg2 Nf5 31. Rc2 Nb3 32. Rce2 Rc7 33. Ng4 Re7
34. Rh1 Nh4+ 35. Kg3 h5 36. Nge5 Nf5+ 37. Kf2 Rh7 38. Rg1 Rgg7 39. Ke1 Ke7 40.
Reg2 Kf6 41. Ke2 b6 42. Nc6 Nd6 43. Nce5 Na5 44. Rh2 Nac4 45. Rgh1 h4 46. Kf2
Ke7 47. Rg2 Nxe5 48. Nxe5 Nf5 49. Re1 Rh8 50. Kg1 Rf8 51. Rge2 Kd6 52. Kg2 Ng3
53. Re3 Nh5 54. Kh2 Kc7 55. Rb1 Nf6 56. Kh3 Ne8 57. Rg1 Nd6 58. Rg4 b5 59. Re2
Nc4 60. Kg2 Kd6 61. Nd3 Rgf7 62. f4 gxf4 63. Kf3 Rf6 64. Rxh4 Rg8 65. Nxf4 Rg1
66. Rg4 Rf1+ 67. Kg3 e5 68. dxe5+ Nxe5 69. Rg5 Rg1+ 70. Ng2 Nc4 71. Rh5 Kc6 72.
Rh2 Kc5 73. Rh5 Kc6 74. Rh8 Rb1 75. Nf4 Rxb2 76. Rc8+ Kb7 77. Ree8 Nd6 78. Rb8+
Kc6 79. Red8 Ra2 80. Ra8 Rxa3 81. Ne2 Kc5 82. Rd7 Ne4+ 83. Kg4 Rc6 84. Kf4 Nxc3
85. Nc1 Kc4 0-1

[Event "45th Olympiad 2024"]
[Site "Budapest HUN"]
[Date "2024.09.14"]
[Round "4.3"]
[Board "3"]
[White "Indjic, Aleksandar"]
[Black "Erigaisi, Arjun"]
[Result "0-1"]
[WhiteTitle "GM"]
[BlackTitle "GM"]
[WhiteElo "2611"]
[BlackElo "2778"]
[WhiteTeam "Serbia"]
[BlackTeam "India"]
[WhiteFideId "911925"]
[BlackFideId "35009192"]
[EventDate "2024.09.11"]

1. Nf3 d5 2. g3 Nc6 3. d4 Bf5 4. Bg2 Nb4 5. Na3 e6 6. c3 Nc6 7. Qb3 Rb8 8. Nh4
Be4 9. f3 Bg6 10. Nxg6 hxg6 11. e4 Nf6 12. Bg5 Be7 13. Bxf6 gxf6 14. exd5 exd5
15. Nc2 Na5 16. Qb5+ c6 17. Qe2 Nc4 18. b3 Nd6 19. O-O Kf8 20. Ne1 Qa5 21. Rc1
Nf5 22. b4 Qc7 23. f4 a5 24. a3 Re8 25. Qd2 Nd6 26. Nc2 f5 27. Rfe1 Kg7 28. Re2
Ra8 29. Ree1 Bf6 30. Re2 axb4 31. axb4 Ra2 32. Ree1 Rha8 33. Ra1 Qb6 34. Reb1
R8a4 35. Qc1 Qa7 36. Rxa2 Rxa2 37. Rb2 Nb5 38. Rb3 Nxc3 39. Rxc3 Bxd4+ 40. Nxd4
Ra1 0-1

[Event "45th Olympiad 2024"]
[Site "Budapest HUN"]
[Date "2024.09.14"]
[Round "4.4"]
[Board "1"]
[White "Ding, Liren"]
[Black "Martirosyan, Haik M."]
[Result "1/2-1/2"]
[WhiteTitle "GM"]
[BlackTitle "GM"]
[WhiteElo "2736"]
[BlackElo "2667"]
[WhiteTeam "China"]
[BlackTeam "Armenia"]
[WhiteFideId "8603677"]
[BlackFideId "13306553"]
[EventDate "2024.09.11"]

1. d4 Nf6 2. c4 e6 3. Nf3 d5 4. Nc3 c5 5. cxd5 cxd4 6. Qxd4 exd5 7. e4 dxe4 8.
Qxd8+ Kxd8 9. Ng5 Be6 10. Bb5 a6 11. Ba4 Nbd7 12. O-O Nc5 13. Rd1+ Ke7 14. Bc2
Rc8 15. Be3 h6 16. Bxc5+ Rxc5 17. Ngxe4 Nxe4 18. Bxe4 b5 19. Rac1 f5 20. Bd5
Bxd5 21. Nxd5+ Kf7 22. Nc7 Rxc1 23. Rxc1 Be7 24. Nxa6 Rd8 25. g3 Rd2 26. b4 Rxa2
27. Nc7 Rb2 28. Nxb5 Rxb4 29. Nc3 Rc4 30. Ne2 Re4 31. Nc3 Rc4 1/2-1/2

[Event "45th Olympiad 2024"]
[Site "Budapest HUN"]
[Date "2024.09.14"]
[Round "4.4"]
[Board "3"]
[White "Yu, Yangyi"]
[Black "Sargissian, Gabriel"]
[Result "1-0"]
[WhiteTitle "GM"]
[BlackTitle "GM"]
[WhiteElo "2703"]
[BlackElo "2646"]
[WhiteTeam "China"]
[BlackTeam "Armenia"]
[WhiteFideId "8603820"]
[BlackFideId "13300881"]
[EventDate "2024.09.11"]

1. c4 e6 2. Nc3 d5 3. d4 Nf6 4. cxd5 exd5 5. Bg5 c6 6. e3 h6 7. Bh4 Be7 8. Bd3
O-O 9. Bg3 Re8 10. h3 c5 11. Nge2 Nc6 12. O-O a6 13. dxc5 Bxc5 14. Bh4 g5 15.
Bg3 d4 16. exd4 Nxd4 17. Nxd4 Bxd4 18. Qd2 Bxc3 19. Qxc3 Nd5 20. Qb3 Be6 21.
Qxb7 Nf4 22. Bxf4 Qxd3 23. Bg3 Bd5 24. Qb4 Qe4 25. Qxe4 Rxe4 26. Rfd1 Be6 27.
Rd2 a5 28. f3 Rc4 29. Be5 Rcc8 30. a4 Rc5 31. Bc3 Kh7 32. Rd6 Kg6 33. Kf2 h5 34.
g4 hxg4 35. hxg4 Rd5 36. Rb6 Rc5 37. Re1 Rd5 38. Re4 Kh7 39. Kg3 Kg6 40. Rc4
Rad8 41. Rcc6 Ra8 42. Kf2 Kh7 43. Rc7 Kg6 44. Ke3 Rd1 45. Rc5 Ra1 46. Re5 Kh6
47. Rbb5 Bd7 48. Rbd5 Re8 49. Rxd7 Rxe5+ 50. Bxe5 Re1+ 51. Kd2 Rxe5 52. Rxf7 1-0

[Event "45th Olympiad 2024"]
[Site "Budapest HUN"]
[Date "2024.09.14"]
[Round "4.5"]
[Board "1"]
[White "Le, Quang Liem"]
[Black "Abdusattorov, Nodirbek"]
[Result "1/2-1/2"]
[WhiteTitle "GM"]
[BlackTitle "GM"]
[WhiteElo "2741"]
[BlackElo "2766"]
[WhiteTeam "Vietnam"]
[BlackTeam "Uzbekistan"]
[WhiteFideId "12401137"]
[BlackFideId "14204118"]
[EventDate "2024.09.11"]

1. c4 c5 2. Nf3 Nf6 3. Nc3 Nc6 4. d4 cxd4 5. Nxd4 e6 6. a3 d5 7. cxd5 exd5 8.
Bg5 Bc5 9. e3 O-O 10. Be2 Nxd4 11. exd4 Bb6 12. O-O Qd6 13. Bf3 h6 14. Bxf6 Qxf6
15. Nxd5 Qxd4 16. Qe2 Bd8 17. Rfd1 Qa4 18. Rac1 Be6 19. Nc3 Qb3 20. Bd5 Bxd5 21.
Nxd5 Bg5 22. Rc3 Qa4 23. Rc4 Qa5 24. h4 Rae8 25. Qd3 Bd8 26. Rb4 Re6 27. g3 Bb6
28. Kg2 Qc5 29. Nxb6 Rxb6 30. Rc4 Qb5 31. b4 a5 32. Qd5 axb4 33. Rxb4 Qxd5+ 34.
Rxd5 Ra6 35. a4 Rfa8 36. Rdd4 h5 37. Kf3 Rf6+ 38. Rf4 Rxf4+ 39. Kxf4 Ra5 40. Ke4
Kh7 41. Kd4 b6 42. Kc3 Rc5+ 43. Rc4 Rf5 44. Rf4 Rxf4 45. gxf4 g6 46. Kc4 f6 47.
Kd5 Kg7 48. Ke4 Kf7 49. Kd5 Ke7 50. Ke4 Ke8 51. Kd5 Kf7 52. Ke4 Kf8 53. Kd5 Kg7
54. Ke4 Kh6 55. Kf3 g5 56. fxg5+ fxg5 57. hxg5+ Kxg5 58. Kg3 Kf5 59. Kh4 Kg6 60.
Kh3 Kf5 61. Kh4 Kg6 62. Kh3 Kf5 63. Kh4 1/2-1/2